000 01127cam a2200325 a 4500
001 15042028
003 OSt
005 20151116131448.0
008 071012s2009 cauab b 001 0 eng
010 _a 2007042662
020 _a9780805368444 (alk. paper)
020 _a0805368442 (alk. paper)
035 _a(OCoLC)ocn174138981
035 _a(OCoLC)174138981
040 _aDLC
_cDLC
_dBTCTA
_dBAKER
_dDLC
050 0 0 _aQH308.2
_b.C34 2009
082 0 0 _a570
_222
100 1 _aCampbell, Neil A.,
_d1946-2004.
245 1 0 _aBiology /
_cNeil A. Campbell, Jane B. Reece.
250 _a8th ed.
260 _aSan Francisco :
_bPearson Benjamin Cummings,
_cc2009.
300 _axlvi, 1267 p. :
_bcol. ill., col. maps ;
_c29 cm.
504 _aIncludes bibliographical references and index.
650 0 _aBiology.
700 1 _aReece, Jane B.
856 4 1 _3Table of contents only
_uhttp://www.loc.gov/catdir/toc/ecip082/2007042662.html
906 _a7
_bcbc
_corignew
_d1
_eecip
_f20
_gy-gencatlg
942 _2lcc
_cBK
999 _c251334
_d251334